000 01050nam a22002777a 4500
003 dpl
005 20180712125046.0
008 180712b xxu||||| |||| 00| 0 eng d
010 _aB-069465
020 _c150.00
035 _aB-069465, B-069469
037 _bCen Lib/Ret
040 _aDPL
_bHN
_c0
082 _a
_bसेठिया
100 _aसेठिया,निर्मला
_965968
245 _aवंशज /
_cनिर्मला सेठिया
246 _aVanshaj
_bby Nirmala Sethiya
260 _a दिल्ली
_bअभिव्यक्ति प्रकाशन
_c2002
270 _a29/61,गली न. 1विश्वास नगर
_b दिल्ली
_e110032
300 _a144पृष्ठ.
_c20सेमी(सजिल्द)
650 _aहिंदी साहित्य
_965969
650 _aहिंदी उपन्यास
_965970
650 _aHindi literature
_965971
650 _aHindi novel
_965972
942 _2ddc
_cHN
_h
_mसेठिया
999 _c116330
_d116330